00560nam a22001577a 4500003000400000082001600004100002100020245014900041260003500190300000700225650001600232653000800248942001200256952011700268999001700385SGT a617.3bS21C aCHHABRA, ANUBHAV aA study on Clinical & Radiological assessment of Patients with Intertrochanteric Fractures managed with Proximal Femoral Nail with Helical Blade aGURUGRAMbSGT UNIVERSITYc2021 a95 aORTHOPEDICS aM.S 2ddccTH 00102ddc4051718MEDICALaFMbFMcREFd2024-06-21l0o617.3 S21CpDT1705r2024-06-21 00:00:00w2024-06-21yTH c26492d26492